000 00570cam a22002053a 4500
001 44307
003 PGUSA
005 20140828084018.0
008 131129s2013||||xxu|||||s|||||000 | eng d
040 _aPGUSA
_beng
042 _adc
100 1 _aFuller, Alvarado M.,
_d1851-1924
245 1 0 _aA. D. 2000
_h[electronic resource] /
_cAlvarado M. Fuller
260 _bProject Gutenberg,
_c2013
506 _aPublic domain in the USA.
516 _aElectronic text
830 0 _aProject Gutenberg
_v44307
856 4 0 _uhttp://www.gutenberg.org/ebooks/44307
942 _cEB
999 _c273558
_d273558